Geography Quiz

Random Geography or City Quiz
Score 0/25 Timer 10:00
0 Plays Today
Population Urban Area % Correct
15,440,000Los Angeles, USA
97.5%
10,840,000London, UK
96.4%
11,460,000Lima, Peru
91.8%
14,630,000Lagos, Nigeria
87.9%
2,415,000Las Vegas, USA
87.5%
2,705,000Lisbon, Portugal
85.8%
11,545,000Lahore, Pakistan
84.3%
7,645,000Luanda, Angola
84.3%
3,030,000Lusaka, Zambia
83.6%
1,875,000Leeds, UK
82.2%
900,000Liverpool, UK
81.1%
2,005,000La Paz, Bolivia
80.1%
3,520,000Lucknow, India
77.2%
Population Urban Area % Correct
1,680,000Lyon, France
76.2%
1,820,000Lome, Togo
72.6%
2,365,000Lubumbashi, DRC
71.9%
1,070,000Lilongwe, Malawi
70.8%
1,080,000Lille, France
69%
1,060,000Louisville, USA
65.8%
2,565,000Lanzhou, China
65.5%
1,645,000Leon, Mexico
65.1%
1,835,000Ludhiana, India
46.3%
2,255,000Luoyang, China
45.9%
2,715,000Linyi, China
41.6%
1,115,000Lianyungang, China
12.1%
Remove Ads.
Support Sporcle.
Get the best of Sporcle when you Go Orange. This ad-free experience offers more features, more stats, and more fun while also helping to support Sporcle. Thank you for becoming a member.

You're not logged in!

Compare scores with friends on all Sporcle quizzes.
OR
Log In

Show Comments

Extras

Top Quizzes Today


Score Distribution

Your Account Isn't Verified!

In order to create a playlist on Sporcle, you need to verify the email address you used during registration. Go to your Sporcle Settings to finish the process.

Report this User

Report this user for behavior that violates our Community Guidelines.

Details: